Регионална библиотека "Любен Каравелов" - Русе

Роза през зимата (Запис номер 103798)

MARC детайли
000 -Лидер
Контролно поле с фиксирана дължина 01336nam a2200349 c 4500
003 - Код на организацията, давaща контролен номер
Контролно поле BLK
005 - Дата и час на последна редакция
Контролно поле 20180420230240.0
008 - Елементи от данни с фиксирана дължина
fixed length control field 180409b bul|||||r ||||||| ||bul||
010 ## - Наследен системен номер
LC control number KNG00108877000
020 ## - Международен стандартен номер на книга ISBN
Международен стандартен номер на книга ISBN 954-455-018-8
-- издат.: Ирис - на том(кн. 1)(грешен)
040 ## - Източник на каталожния запис
Идентификатор на билиотеката - собственик на записа BLK
041 ## - Код за език
Код за езика на текст/звукозапис или на отделно заглавие Български
Код за езика КДБФ Български
080 ## - УДК
Текстов определител УДК Американска литература (на САЩ)
УДК код - определител по УДК 821.111(73)
УДК определител -31
УДК - код + определител 821.111(73)-31
100 1# - Редна дума - Автор
Автор Удиуиз, Катлийн
Авторска отговорност първи автор
R(LIN) 132221
139 ## - Редно поле
Редна дума Удиуиз, Катлийн
Авторски знак Уд - У 25
245 10 - Сведения за заглавието
Заглавие Роза през зимата
Подзаглавни данни Роман
Редно поле (дума) Катлийн Удиуиз.
Том Кн. 1
250 ## - Област на изданието
Сведения за изданието Кн. 1 - 2
257 ## - Страна на издаване
Страна на създаване/издаване Съединени американски щати
260 ## - Област на издателските данни
-- София
Година на издаване 1993
300 ## - Физическа характеристика
Размери/Мащаб 20 см
380 ## - Жанр
Жанр Худож. лит.
490 1# - СЕРИИ (Колекции)
Име на серия Исторически любовни романи
500 ## - Общи забележки
Забележка Ориг. загл. A Rose in Winter / Kathleen E. Woodiwiss.
653 ## - Ключова дума – ненормативна
Ключова дума романтична проза
653 ## - Ключова дума – ненормативна
Ключова дума романи
760 1# - Описание на основната серия
-- - на том(кн. 1)(грешен)
Редна дума на основното описание Удиуиз, Катлийн
Издание Кн. 1 - 2
Място на издаване, издател и година Ирис, 1993
Страници - том 380 с.
Заглавие Кн. 1
852 ## - Местоположение
Форматна сигнатура Цб 178672
856 4# - Електронен адрес и достъп
Електронен формат pdf - файл
Път до файла /url/
856 4# - Електронен адрес и достъп
Електронен формат pdf - файл
Път до файла /url/
942 ## - АРТИКУЛИ
Вид на библиотечния материал Книги
Скрит в OPAC Не
944 ## - СЪЗДАВАНЕ И РЕДАКЦИЯ на ЗАПИСА
Създаване/Редакция Създаване
Дата на регистрацията/редакция 14.09.2015
Статус, дата на статуса ф /
Служител, извършил регистрацията/редакцията Людмила_Стоянова
944 ## - СЪЗДАВАНЕ И РЕДАКЦИЯ на ЗАПИСА
Създаване/Редакция Редакция
Дата на регистрацията/редакция 10.03.2016
Статус, дата на статуса ф /
Служител, извършил регистрацията/редакцията Людмила_Стоянова
999 ## - СИСТЕМНИ КОНТРОЛНИ НОМЕРА
Koha biblionumber 103798
Koha biblioitemnumber 103798
Наличности
Код за отписване Код за изгубен артикул Източник на класификационната схема Код за повреда Коз за рестрикции Код за отдаване Артикулен № Име на библиотеката - собственик Име на библиотеката, в която се намира в момента Статус (Текущо местоположение) Дата на вписване в системата Местоположение - отдел Цена в лева Инвентарен номер Систематично азбучна сигнатура Баркод Номер на екземпляра Цена в евро Служебна бележка Служебен тип на артикула
  Не е изгубен Universal Decimal Classification Не е повреден без рестрикции ползва се в читалня 167578 Регионална библиотека "Любен Каравелов" Русе Регионална библиотека "Любен Каравелов" Русе Хранилище 1993-01-01 Хранилище 1.12 586898 Цб 178672 120000586898 1 0.57 Дост: Dp Вид: Д N: стар фонд Дата: 01.01.1993 Дата инв: 14.09.2015 Бележки инв: Цб2015 Книги
Vip Innovations Ltd, Rousse, Bulgaria 2025